PHARMACEUTICAL CHEMISTRY - I (Record no. 5991)

MARC details
000 -LEADER
fixed length control field 00377nam a22001457a 4500
005 - DATE AND TIME OF LATEST TRANSACTION
control field 20210827140738.0
008 - FIXED-LENGTH DATA ELEMENTS--GENERAL INFORMATION
fixed length control field 190911b xxu||||| |||| 00| 0 eng d
020 ## - INTERNATIONAL STANDARD BOOK NUMBER
ISBN 978-81-85731-80-3
041 ## - LANGUAGE CODE
Language code of text/sound track or separate title eng
100 ## - MAIN ENTRY--AUTHOR NAME
Personal name CHAUDHRY, N.C. AND GURBANI, N.K.
245 ## - TITLE STATEMENT
Title PHARMACEUTICAL CHEMISTRY - I
260 ## - PUBLICATION, DISTRIBUTION, ETC. (IMPRINT)
Place of publication DELHI
Name of publisher VALLABH PRAKASHAN
Year of publication 2013
300 ## - PHYSICAL DESCRIPTION
Number of Pages 278p,
942 ## - ADDED ENTRY ELEMENTS (KOHA)
Koha item type Books
Holdings
Lost status Damaged status Collection code Home library Current library Shelving location Date acquired Source of acquisition Cost, normal purchase price Full call number Accession Number Koha item type
    PHARMACY JRU Library JRU Library SHELF-18-D 11/09/2019 PURCHESS 210.00 615.19 23532 Books
    PHARMACY JRU Library JRU Library SHELF-18-D 11/09/2019 PURCHESS 210.00 615.19 23533 Books
    PHARMACY JRU Library JRU Library SHELF-18-D 11/09/2019 PURCHESS 210.00 615.19 23534 Books
    PHARMACY JRU Library JRU Library SHELF-18-D 11/09/2019 PURCHESS 210.00 615.19 23535 Books